Coming out of homosexuality (Record no. 17769)
[ view plain ]
| 000 -LEADER | |
|---|---|
| fixed length control field | 00592nam a22001817a 4500 |
| 008 - FIXED-LENGTH DATA ELEMENTS--GENERAL INFORMATION | |
| fixed length control field | 190625b xxu||||| |||| 00| 0 eng d |
| 020 ## - INTERNATIONAL STANDARD BOOK NUMBER | |
| International Standard Book Number | 0830816534 |
| 040 ## - CATALOGING SOURCE | |
| Original cataloging agency | KABU |
| Transcribing agency | KABU |
| 050 ## - LIBRARY OF CONGRESS CALL NUMBER | |
| Classification number | BR115 |
| Item number | .H6D38 1993 c. 1 |
| 100 ## - MAIN ENTRY--PERSONAL NAME | |
| Personal name | Davies, Bob |
| 245 ## - TITLE STATEMENT | |
| Title | Coming out of homosexuality |
| Remainder of title | with questions for individuals & groups |
| Statement of responsibility, etc. | Bob Davies & Lori Rentzel |
| 246 ## - VARYING FORM OF TITLE | |
| Title proper/short title | New freedom for men & women |
| 260 ## - PUBLICATION, DISTRIBUTION, ETC. (IMPRINT) | |
| Place of publication, distribution, etc. | Illinois |
| Name of publisher, distributor, etc. | InterVarsity Press |
| Date of publication, distribution, etc. | 1993 |
| 300 ## - PHYSICAL DESCRIPTION | |
| Extent | 208 p. |
| 650 ## - SUBJECT ADDED ENTRY--TOPICAL TERM | |
| Topical term or geographic name as entry element | Homosexuality |
| General subdivision | Religious aspects |
| -- | Christianity |
| 700 ## - ADDED ENTRY--PERSONAL NAME | |
| Personal name | Rentzel, Lori |
| 942 ## - ADDED ENTRY ELEMENTS (KOHA) | |
| Source of classification or shelving scheme | Library of Congress Classification |
| Koha item type | General Collection |
| Classification part | BR115 |
| Withdrawn status | Lost status | Source of classification or shelving scheme | Not for loan | Home library | Current library | Date acquired | Cost, normal purchase price | Total Checkouts | Full call number | Barcode | Date last seen | Date last checked out | Copy number | Price effective from | Koha item type |
|---|---|---|---|---|---|---|---|---|---|---|---|---|---|---|---|
| Library of Congress Classification | Kabarak, Main Campus | Kabarak, Main Campus | 25/06/2019 | 3926.40 | 4 | BR115 .H6D38 1993 c. 1 | 023478 | 19/06/2025 | 26/05/2025 | c. 1 | 25/06/2019 | General Collection |